Normal view
MARC view
- BRAKER, WILLIAM,MOSSMAN, ALLAN L
Entry Personal Name
001 - CONTROL NUMBER
- control field: 76200
003 - CONTROL NUMBER IDENTIFIER
- control field: NUST
005 - DATE AND TIME OF LATEST TRANSACTION
- control field: 20210628205611.0
008 - FIXED-LENGTH DATA ELEMENTS
- fixed length control field: 210628|| aca||aabn | a|a d
040 ## - CATALOGING SOURCE
- Original cataloging agency: NUST
- Transcribing agency: NUST
100 ## - HEADING--PERSONAL NAME
- Personal name: BRAKER, WILLIAM,MOSSMAN, ALLAN L
670 ## - SOURCE DATA FOUND
- Source citation: Work cat.: (NUST): BRAKER, WILLIAM,MOSSMAN, ALLAN L, MATHESON GAS DATA BOOK, 1971
